[Event "Titled Tue 24th Jun Early"]
[Site "chess.com INT"]
[Date "2025.06.24"]
[Round "1"]
[White "Silva Lucena, Cristian"]
[Black "Klimkowski, Jan"]
[Result "1-0"]
[WhiteTitle "FM"]
[BlackTitle "GM"]
[WhiteElo "2243"]
[BlackElo "2508"]
[WhiteFideId "2232588"]
[BlackFideId "21856222"]
[EventDate "2025.06.24"]

1. e4 c5 2. Nf3 e6 3. d4 cxd4 4. Nxd4 a6 5. Nc3 Nc6 6. g3 Nf6 7. Bg2 Qc7 8. O-O
Be7 9. Re1 O-O 10. h3 d6 11. Nxc6 bxc6 12. Na4 e5 13. c4 Be6 14. b3 Nd7 15. Bb2
f5 16. exf5 Bxf5 17. Qd2 Rad8 18. Rad1 Nf6 19. Bc3 Rde8 20. c5 dxc5 21. Bxe5 Qc8
22. Nb6 Qb7 23. Nc4 Rd8 24. Qb2 Qc8 25. Bf4 Rxd1 26. Rxd1 Bxh3 27. Nb6 Qg4 28.
Re1 Bxg2 29. Kxg2 Bd8 30. Nc4 Nd5 31. Bd6 Qf3+ 32. Kg1 Bf6 33. Qe2 Qxe2 34. Rxe2
Rd8 35. Bxc5 Nc3 36. Re6 Nxa2 37. Rxc6 Rd1+ 38. Kg2 Rb1 39. Rb6 Nc1 40. b4 Nd3
41. Nd6 Rb2 42. Rb8+ 1-0

[Event "Titled Tue 24th Jun Early"]
[Site "chess.com INT"]
[Date "2025.06.24"]
[Round "1"]
[White "Brenke, Andreas"]
[Black "Brady, Tyson"]
[Result "0-1"]
[WhiteTitle "FM"]
[BlackTitle "CM"]
[WhiteElo "2349"]
[BlackElo "2170"]
[WhiteFideId "4602900"]
[BlackFideId "30970369"]
[EventDate "2025.06.24"]

1. d4 Nf6 2. c4 c5 3. d5 b5 4. cxb5 a6 5. e3 g6 6. Nc3 Bg7 7. a4 axb5 8. Bxb5
O-O 9. e4 d6 10. Nf3 Ba6 11. Qc2 Bxb5 12. Nxb5 Na6 13. Bd2 Qb6 14. O-O Rfb8 15.
Bc3 Nd7 16. Bxg7 Kxg7 17. Nd2 Nc7 18. Nc4 Qb7 19. Qc3+ f6 20. Nxc7 Qxc7 21. a5
Rb4 22. Ra3 Qb7 23. Rfa1 Ra6 24. b3 Qb5 25. h4 Ne5 26. Nxe5 fxe5 27. f3 Rd4 28.
Kh2 h6 29. h5 gxh5 30. Qc2 Qb4 31. Qe2 Ra7 32. a6 Rd2 33. Qe1 Qd4 34. Qg3+ Kh7
35. Qh3 Qe3 36. Qf5+ Kg7 0-1

[Event "Titled Tue 24th Jun Early"]
[Site "chess.com INT"]
[Date "2025.06.24"]
[Round "1"]
[White "Wu, Jayden"]
[Black "Sethuraman, Roshan"]
[Result "0-1"]
[WhiteElo "2061"]
[BlackElo "2074"]
[WhiteFideId "30972558"]
[BlackFideId "30965250"]
[EventDate "2025.06.24"]

1. e4 c5 2. Nf3 d6 3. d4 cxd4 4. Nxd4 Nf6 5. Nc3 a6 6. Be3 e5 7. Nb3 Be6 8. f3
h5 9. Qd2 Nbd7 10. O-O-O b5 11. Kb1 Be7 12. h4 Rc8 13. Bg5 Nb6 14. f4 Qc7 15. f5
Bc4 16. Bxf6 gxf6 17. Bxc4 Qxc4 18. Rhe1 b4 19. Nd5 Nxd5 20. Qxd5 Qxc2+ 21. Ka1
O-O 22. g4 hxg4 23. Rg1 Qe2 24. Qd2 Qxd2 25. Rxd2 Rc4 26. Rxg4+ Kh8 27. Rdg2
Rfc8 28. Kb1 Bf8 29. Rg8+ Kh7 30. R8g4 Bh6 31. Rg1 Rc2 32. R4g2 R2c4 33. Re1 a5
34. Rgg1 a4 35. Nc1 a3 36. bxa3 bxa3 37. Nb3 Rc2 38. Rd1 Rb2+ 39. Ka1 Rcc2 0-1

[Event "Titled Tue 24th Jun Early"]
[Site "chess.com INT"]
[Date "2025.06.24"]
[Round "1"]
[White "Krzesaj, Robert"]
[Black "Bluebaum, Matthias"]
[Result "0-1"]
[WhiteTitle "FM"]
[BlackTitle "GM"]
[WhiteElo "2391"]
[BlackElo "2663"]
[WhiteFideId "1123521"]
[BlackFideId "24651516"]
[EventDate "2025.06.24"]

1. d4 d5 2. c4 e6 3. Nf3 Nf6 4. g3 Nc6 5. Bg2 Bd6 6. O-O O-O 7. Nfd2 Nxd4 8. e3
Nc6 9. a3 dxc4 10. Nxc4 e5 11. Nxd6 cxd6 12. b4 Be6 13. Bb2 Qd7 14. Nc3 Rfd8 15.
e4 Bh3 16. Nd5 Nxd5 17. Qxd5 Bxg2 18. Kxg2 Ne7 19. Qd3 Qe6 20. Rac1 d5 21. exd5
Nxd5 22. Qe4 f6 23. f4 f5 24. Qe2 e4 25. Rfd1 Rd7 26. Be5 Rad8 27. Kg1 h6 28.
Qb2 Kh7 29. Rd4 Ne3 30. Rxd7 Rxd7 31. Qe2 Ng4 32. Bb2 Qb3 33. Rc3 Qd1+ 34. Qxd1
Rxd1+ 0-1

[Event "Titled Tue 24th Jun Early"]
[Site "chess.com INT"]
[Date "2025.06.24"]
[Round "1"]
[White "Hayrapetyan, Edgar"]
[Black "Mata Gonzalez, Jose Fernando"]
[Result "1-0"]
[WhiteTitle "FM"]
[BlackTitle "CM"]
[WhiteElo "2161"]
[BlackElo "2164"]
[WhiteFideId "13313568"]
[BlackFideId "5107423"]
[EventDate "2025.06.24"]

1. e4 c5 2. Nc3 e6 3. Nf3 d5 4. exd5 exd5 5. d4 Nf6 6. Bb5+ Nc6 7. O-O Be7 8.
Re1 O-O 9. Bg5 Be6 10. Ne2 a6 11. Bxc6 bxc6 12. h3 Ne4 13. Bxe7 Qxe7 14. c3 c4
15. Ne5 Qc7 16. f3 Nf6 17. Qd2 Rab8 18. Nf4 Rfe8 19. Re2 Nd7 20. Rae1 Nxe5 21.
Rxe5 Bd7 22. Rxe8+ Rxe8 23. Rxe8+ Bxe8 24. Qe3 Kf8 25. Nh5 Qd7 26. g4 Qe6 27.
Kf2 Qxe3+ 28. Kxe3 g6 29. Nf6 h6 30. Kf4 Ke7 31. Ke5 Bd7 32. Ng8+ Kf8 33. Nxh6
Kg7 34. g5 f6+ 35. gxf6+ Kxh6 36. Kd6 Bxh3 37. Ke7 Bg2 38. f7 Bxf3 39. f8=Q+ Kh5
40. Qxf3+ 1-0

[Event "Titled Tue 24th Jun Early"]
[Site "chess.com INT"]
[Date "2025.06.24"]
[Round "1"]
[White "Mohamed, Anees M"]
[Black "Bezuch, Martin"]
[Result "1-0"]
[WhiteTitle "FM"]
[BlackTitle "FM"]
[WhiteElo "2431"]
[BlackElo "2238"]
[WhiteFideId "35065815"]
[BlackFideId "14906333"]
[EventDate "2025.06.24"]

1. Nf3 g6 2. d4 Bg7 3. g3 d6 4. Bg2 Nf6 5. b3 O-O 6. Bb2 Nbd7 7. O-O Qe8 8. c4
e5 9. dxe5 dxe5 10. Nc3 Qe7 11. Qc2 e4 12. Nd4 e3 13. f4 Ng4 14. Nd5 Qd8 15. h3
c6 16. hxg4 cxd5 17. cxd5 Nf6 18. g5 Nxd5 19. Rad1 Nb4 20. Qc4 Qe7 21. a3 Na6
22. Bc3 Bg4 23. Qb5 Nc7 24. Qxb7 Rad8 25. Nc6 Qc5 26. Bxg7 Rxd1 27. Bxf8 Rxf1+
28. Bxf1 Qc1 29. Qxc7 Qe1 30. Ne7+ Kxf8 31. Qd8+ Kg7 32. Qg8# 1-0

[Event "Titled Tue 24th Jun Early"]
[Site "chess.com INT"]
[Date "2025.06.24"]
[Round "1"]
[White "Shubenkova, Veronika"]
[Black "Paxtor Chiguichon, Rodolfo Enrique"]
[Result "1-0"]
[WhiteTitle "WFM"]
[BlackTitle "CM"]
[WhiteElo "2031"]
[BlackElo "2009"]
[WhiteFideId "44124040"]
[BlackFideId "7307012"]
[EventDate "2025.06.24"]

1. e4 c5 2. Nc3 d6 3. g3 g6 4. Bg2 Bg7 5. d3 Nf6 6. f4 a6 7. Nf3 Nc6 8. O-O O-O
9. h3 e6 10. Be3 Rb8 11. Ne2 b5 12. c3 b4 13. c4 Re8 14. Qd2 Qe7 15. Rae1 a5 16.
g4 a4 17. g5 Nd7 18. h4 f5 19. Rd1 Bb7 20. Ng3 Rf8 21. h5 a3 22. b3 Bc3 23. Qe2
d5 24. Nh4 Qf7 25. exd5 Nd4 26. Bxd4 Bxd4+ 27. Kh2 exd5 28. cxd5 Bxd5 29. Bxd5
Qxd5 30. hxg6 Rbe8 31. gxh7+ Kxh7 32. Qh5+ Kg8 33. Rde1 Rxe1 34. Rxe1 Bf2 35.
Qg6+ Kh8 36. Re7 Bxg3+ 37. Kxg3 Qxd3+ 38. Nf3 1-0

[Event "Titled Tue 24th Jun Early"]
[Site "chess.com INT"]
[Date "2025.06.24"]
[Round "1"]
[White "Smirnov, Alexandr A."]
[Black "Golsta, Madara"]
[Result "1-0"]
[WhiteTitle "FM"]
[WhiteElo "2136"]
[BlackElo "2008"]
[WhiteFideId "24104396"]
[BlackFideId "11607386"]
[EventDate "2025.06.24"]

1. e4 c5 2. Nf3 Nc6 3. Nc3 g6 4. d4 cxd4 5. Nxd4 Bg7 6. Nb3 Nf6 7. Be2 O-O 8. h4
d6 9. h5 Be6 10. Be3 Rc8 11. Qd2 Ne5 12. O-O-O Rxc3 13. Qxc3 Nxe4 14. Qe1 Qc7
15. Kb1 Rc8 16. Rc1 b6 17. hxg6 hxg6 18. f4 Nc4 19. Bd4 a5 20. Bxg7 Kxg7 21. Bf3
d5 22. Qh4 a4 23. Qh6+ Kf6 24. Bxe4 dxe4 25. Qg5+ Kg7 26. Nd4 Nxb2 27. Nxe6+
fxe6 28. Rh6 1-0

[Event "Titled Tue 24th Jun Early"]
[Site "chess.com INT"]
[Date "2025.06.24"]
[Round "1"]
[White "Suvradeepta, Das"]
[Black "Sorokin, Aleksey"]
[Result "0-1"]
[WhiteTitle "FM"]
[BlackTitle "GM"]
[WhiteElo "2230"]
[BlackElo "2530"]
[WhiteFideId "5058031"]
[BlackFideId "24176460"]
[EventDate "2025.06.24"]

1. d4 Nf6 2. Nf3 g6 3. g3 Bg7 4. Bg2 d5 5. O-O O-O 6. c4 dxc4 7. Na3 c3 8. bxc3
c5 9. Rb1 Nc6 10. Nc4 Be6 11. Nce5 Bd5 12. Nxc6 bxc6 13. Ba3 Bxa2 14. Rb7 Nd7
15. Qa4 Bd5 16. Rxa7 cxd4 17. cxd4 Bf6 18. e3 Nb6 19. Rxa8 Qxa8 20. Qxa8 Rxa8
21. Bc5 Nd7 22. Bb4 Ra4 23. Bd2 c5 24. dxc5 Nxc5 25. Nh4 Bc4 26. Rb1 Bd3 27.
Rb8+ Kg7 28. h3 Ra1+ 29. Kh2 Ra2 30. Nf3 Be4 31. Be1 Nd3 0-1

[Event "Titled Tue 24th Jun Early"]
[Site "chess.com INT"]
[Date "2025.06.24"]
[Round "1"]
[White "Blackburn, Jonathan L B"]
[Black "Kobalia, Mikhail"]
[Result "0-1"]
[WhiteTitle "FM"]
[BlackTitle "GM"]
[WhiteElo "2207"]
[BlackElo "2538"]
[WhiteFideId "1801090"]
[BlackFideId "4119150"]
[EventDate "2025.06.24"]

1. d4 d6 2. Nf3 g6 3. c4 Bg7 4. Nc3 Nd7 5. e4 e5 6. Be2 Ne7 7. Be3 O-O 8. O-O f5
9. dxe5 dxe5 10. exf5 gxf5 11. Bg5 h6 12. Bh4 c6 13. Qd6 Bf6 14. Rad1 Ng6 15.
Qe6+ Kg7 16. Rd6 Nc5 17. Bxf6+ Qxf6 18. Qxf6+ Rxf6 19. Rxf6 Kxf6 20. b4 Ne6 21.
Rd1 a5 22. a3 axb4 23. axb4 Ra3 24. Rc1 e4 25. Ne1 Ngf4 26. Bf1 Nd4 27. Kh1 Rb3
28. g3 Ng6 29. b5 Ne5 30. bxc6 bxc6 31. Ne2 Nxe2 32. Bxe2 Rb2 33. Rc2 Rb1 0-1

[Event "Titled Tue 24th Jun Early"]
[Site "chess.com INT"]
[Date "2025.06.24"]
[Round "1"]
[White "Fizer, Marek"]
[Black "Novosel, Lovro"]
[Result "0-1"]
[WhiteTitle "CM"]
[BlackTitle "FM"]
[WhiteElo "2186"]
[BlackElo "2338"]
[WhiteFideId "391980"]
[BlackFideId "14547120"]
[EventDate "2025.06.24"]

1. e4 g6 2. d4 Bg7 3. Nc3 c6 4. Be3 d5 5. e5 h5 6. Nf3 Nh6 7. Qd2 Bf5 8. Be2 Bg4
9. Ng5 Bxe2 10. Qxe2 e6 11. O-O Nf5 12. Nf3 Nd7 13. Bg5 Qb6 14. Na4 Qb5 15. Qxb5
cxb5 16. Nc3 b4 17. Nb5 O-O 18. c3 a6 19. Nd6 Nxd6 20. exd6 bxc3 21. bxc3 Rfc8
22. Rfc1 Bf8 23. Bf4 b5 24. a4 bxa4 25. Rxa4 Nb6 26. Ra2 Nc4 27. d7 Rd8 28. Ne5
Nxe5 29. Bxe5 Rxd7 30. Rca1 Rda7 31. Ra5 Be7 32. h3 f6 33. Bg3 Kf7 34. Kf1 Bd8
35. R5a4 a5 36. Ke2 g5 37. Kd3 h4 38. Bd6 Be7 39. Bxe7 Kxe7 40. c4 dxc4+ 41.
Kxc4 Kd6 42. Kb5 Kd5 43. Rxa5 Rb8+ 44. Ka4+ Rxa5+ 45. Kxa5 Ra8+ 0-1

[Event "Titled Tue 24th Jun Early"]
[Site "chess.com INT"]
[Date "2025.06.24"]
[Round "1"]
[White "Gattani, Sarthak"]
[Black "Ben Artzi, Ido"]
[Result "0-1"]
[BlackTitle "IM"]
[WhiteElo "1944"]
[BlackElo "2339"]
[WhiteFideId "30995965"]
[BlackFideId "2810913"]
[EventDate "2025.06.24"]

1. d4 Nf6 2. c4 c5 3. d5 b5 4. cxb5 a6 5. bxa6 g6 6. Nc3 Bg7 7. e4 O-O 8. Nf3
Qa5 9. Bd2 Bxa6 10. Be2 Bxe2 11. Qxe2 Qa6 12. Qxa6 Nxa6 13. O-O Rfb8 14. Rab1
Nb4 15. a3 Nd3 16. Bc1 Ng4 17. h3 Ngxf2 18. Be3 Bxc3 19. bxc3 Nxe4 20. Rbd1 Nb2
21. Ra1 Nc4 22. Rfe1 f5 23. a4 d6 24. g4 Nxc3 25. gxf5 Nxd5 26. Bg5 gxf5 27.
Bxe7 Rb3 28. Nh4 Nde3 29. Bg5 Nc2 30. Re7 Rg3+ 31. Kh2 Rxg5 32. Rf1 N2e3 33. Rf3
Rxa4 34. Rd7 Ra2+ 35. Kh1 Ra1+ 36. Kh2 Nf1+ 37. Kh1 Nfd2+ 38. Kh2 Nxf3+ 39. Nxf3
Ra2+ 40. Kh1 Rg3 41. Nh4 Rxh3+ 42. Kg1 Rxh4 43. Rd8+ Kf7 44. Rd7+ Ke6 45. Rxd6+ 0-1

[Event "Titled Tue 24th Jun Early"]
[Site "chess.com INT"]
[Date "2025.06.24"]
[Round "1"]
[White "Balavignan, Ashvin"]
[Black "Moussard, Jules"]
[Result "0-1"]
[WhiteTitle "CM"]
[BlackTitle "GM"]
[WhiteElo "2023"]
[BlackElo "2597"]
[WhiteFideId "3261425"]
[BlackFideId "642908"]
[EventDate "2025.06.24"]

1. d4 Nf6 2. c4 b6 3. Nc3 Bb7 4. f3 d5 5. cxd5 Nxd5 6. e4 Nxc3 7. bxc3 e6 8.
Bb5+ c6 9. Bd3 Be7 10. Ne2 O-O 11. O-O c5 12. Be3 Nc6 13. Qd2 Rc8 14. Rac1 Na5
15. Rfd1 Qd7 16. Ng3 Rfd8 17. Qe2 cxd4 18. cxd4 Rxc1 19. Rxc1 Nc6 20. d5 exd5
21. exd5 Nb4 22. Bf5 Qxd5 23. Be4 Qd7 24. Nf5 Bf6 25. Bf4 Nd5 26. Bd2 Ne7 27.
Nxe7+ Qxe7 28. Bb4 Qxb4 0-1

[Event "Titled Tue 24th Jun Early"]
[Site "chess.com INT"]
[Date "2025.06.24"]
[Round "1"]
[White "Sturt, Raven"]
[Black "Fichter, Fabian"]
[Result "1-0"]
[WhiteTitle "GM"]
[BlackTitle "FM"]
[WhiteElo "2459"]
[BlackElo "2235"]
[WhiteFideId "2007304"]
[BlackFideId "24613258"]
[EventDate "2025.06.24"]

1. f4 d5 2. Nf3 c5 3. e3 Nc6 4. Bb5 Bd7 5. O-O e6 6. b3 Nf6 7. Bb2 Be7 8. Bxc6
Bxc6 9. Ne5 Bd7 10. d3 Rc8 11. Nd2 O-O 12. Rf3 Ne8 13. Rh3 f5 14. Rxh7 Kxh7 15.
Qh5+ Kg8 16. Ng6 Bd6 17. Nf3 Nf6 18. Qh4 Nh7 19. Ng5 Nxg5 20. Qh8+ Kf7 21. Qxg7+
Ke8 22. h4 Nf7 23. Bf6 Qb6 24. c4 dxc4 25. dxc4 Rc6 26. h5 Qa5 27. Rd1 Qc7 28.
Bh4 Ra6 29. h6 Nxh6 30. Qxh6 Rxa2 31. Nxf8 Bxf8 32. Qg6# 1-0

[Event "Titled Tue 24th Jun Early"]
[Site "chess.com INT"]
[Date "2025.06.24"]
[Round "1"]
[White "Milare, Tyron"]
[Black "Aarit Kapil"]
[Result "0-1"]
[WhiteTitle "FM"]
[BlackTitle "CM"]
[WhiteElo "2248"]
[BlackElo "2078"]
[WhiteFideId "12987018"]
[BlackFideId "33408947"]
[EventDate "2025.06.24"]

1. d4 Nf6 2. Nf3 e6 3. g3 d5 4. Bg2 c5 5. c3 Nc6 6. O-O Ne4 7. Nbd2 f5 8. Nxe4
fxe4 9. Bg5 exf3 10. Bxd8 fxg2 11. Kxg2 Nxd8 12. e4 dxe4 13. dxc5 Bd7 14. Qh5+
Nf7 15. f3 g6 16. Qh4 exf3+ 17. Rxf3 Bc6 18. Qf6 Bxf3+ 19. Kxf3 Be7 20. Qf4 O-O
21. Kg2 Bxc5 22. Qe4 Rae8 23. h4 Nd6 24. Qe5 Rf5 25. Qe1 Rf2+ 26. Kh3 Nf5 27. b4
Bb6 28. a4 Rf3 29. Rd1 Rxg3+ 30. Kh2 Bc7 31. Kh1 Ne3 32. Rd7 Rh3+ 33. Kg1 Bh2+
34. Kf2 Bg3+ 35. Kxe3 Bxe1+ 36. Ke2 Bxc3 37. b5 Rf8 38. Rxb7 Bd4 0-1

[Event "Titled Tue 24th Jun Early"]
[Site "chess.com INT"]
[Date "2025.06.24"]
[Round "1"]
[White "Marichal Gonzalez, Ariel"]
[Black "Williams, Simon K"]
[Result "1-0"]
[WhiteTitle "IM"]
[BlackTitle "GM"]
[WhiteElo "2268"]
[BlackElo "2444"]
[WhiteFideId "3503232"]
[BlackFideId "404454"]
[EventDate "2025.06.24"]

1. d4 e6 2. c4 f5 3. a3 Nf6 4. Nc3 b6 5. Bf4 Bb7 6. e3 Be7 7. Nf3 O-O 8. h3 Ne4
9. Qc2 d6 10. Bd3 Nxc3 11. Qxc3 Nd7 12. Bg3 Bf6 13. Qc2 Qe7 14. O-O-O Bxf3 15.
gxf3 Kh8 16. h4 c5 17. d5 exd5 18. Bxf5 d4 19. Bxh7 Ne5 20. Be4 Rac8 21. Bxe5
Qxe5 22. f4 Qe7 23. Bd5 dxe3 24. Rde1 Bd4 25. fxe3 Bxe3+ 26. Kb1 Rce8 27. Rh3
Rxf4 28. Rhxe3 Qxe3 29. Rxe3 Rxe3 30. Qg6 Re5 31. h5 Rf6 32. Qg4 Rh6 33. Bf7 Rf6
34. Qc8+ Kh7 35. Bg6+ Kh6 36. Qh8+ Kg5 37. Qxg7 Rf2 38. h6 Ree2 39. Bd3+ 1-0

[Event "Titled Tue 24th Jun Early"]
[Site "chess.com INT"]
[Date "2025.06.24"]
[Round "1"]
[White "Abramor, Franco"]
[Black "Al-Mudahka, Mohd"]
[Result "0-1"]
[BlackTitle "GM"]
[WhiteElo "2167"]
[BlackElo "2542"]
[WhiteFideId "181633"]
[BlackFideId "12100030"]
[EventDate "2025.06.24"]

1. e4 c5 2. Nf3 g6 3. d4 cxd4 4. Nxd4 Nc6 5. c4 Nf6 6. Nc3 Nxd4 7. Qxd4 d6 8.
Be2 Bg7 9. O-O O-O 10. Qd3 Be6 11. Be3 Ng4 12. Bxg4 Bxg4 13. Bd4 e5 14. Be3 a6
15. f3 Be6 16. Rfd1 Rc8 17. b3 Rc6 18. Nd5 f5 19. Bf2 g5 20. exf5 Bxf5 21. Qe2
h5 22. g4 hxg4 23. fxg4 Be6 24. h3 b5 25. cxb5 axb5 26. Kg2 Qa8 27. Ne7+ Kh8 28.
Nxc6 Qxc6+ 29. Kg1 Rf3 30. Rac1 Qa8 31. Bb6 e4 32. Rxd6 Rg3+ 33. Kh2 Be5 34.
Rd8+ Qxd8 35. Bxd8 Re3+ 36. Kg1 Rxe2 37. Kf1 Rxa2 38. Bxg5 Bxb3 39. Rc5 Bc4+ 40.
Ke1 Bd4 41. Rc7 e3 42. Kd1 e2+ 43. Ke1 Ra1+ 0-1

[Event "Titled Tue 24th Jun Early"]
[Site "chess.com INT"]
[Date "2025.06.24"]
[Round "1"]
[White "Caprio, Guido"]
[Black "Aadya, Gupta"]
[Result "1-0"]
[WhiteTitle "IM"]
[BlackTitle "WFM"]
[WhiteElo "2435"]
[BlackElo "1923"]
[WhiteFideId "834580"]
[BlackFideId "25778293"]
[EventDate "2025.06.24"]

1. d4 d5 2. c4 e6 3. Nf3 Nf6 4. Nc3 Be7 5. e3 O-O 6. b3 b6 7. Bb2 c5 8. Bd3 Bb7
9. O-O Nc6 10. dxc5 bxc5 11. cxd5 exd5 12. Na4 Nb4 13. Be2 Ne4 14. a3 Na6 15.
Rc1 Qd6 16. Nd2 Nf6 17. Bf3 Qe6 18. Qc2 Rac8 19. Rfd1 Nb8 20. Qb1 Nbd7 21. Nf1
Nb6 22. Nc3 Rfd8 23. Ne2 Ba6 24. Nf4 Qc6 25. Ng3 Bb7 26. Nf5 Bf8 27. Qa1 a5 28.
Nh6+ gxh6 29. Bxf6 Rd6 30. Be5 Rdd8 31. Nh5 Nd7 32. Bxd5 Qg6 33. Bxb7 Qxh5 34.
Bxc8 1-0

[Event "Titled Tue 24th Jun Early"]
[Site "chess.com INT"]
[Date "2025.06.24"]
[Round "1"]
[White "Henriquez Villagra, Cristobal"]
[Black "Liubarov, Mark"]
[Result "1-0"]
[WhiteTitle "GM"]
[BlackTitle "FM"]
[WhiteElo "2597"]
[BlackElo "2331"]
[WhiteFideId "3409350"]
[BlackFideId "4142110"]
[EventDate "2025.06.24"]

1. e4 c6 2. d4 d5 3. e5 Bf5 4. h4 h5 5. c4 e6 6. Nc3 Bb4 7. Qb3 Bxc3+ 8. Qxc3
Ne7 9. Bg5 Nd7 10. c5 f6 11. exf6 gxf6 12. Be3 Kf7 13. Ne2 Qc7 14. Ng3 Rag8 15.
Be2 Rxg3 16. fxg3 Qxg3+ 17. Bf2 Qxg2 18. Bf3 Qg6 19. Rg1 Bg4 20. O-O-O Qf5 21.
Bxg4 hxg4 22. Rdf1 Qg6 23. b3 Nf5 24. Kb2 Rh7 25. Ka3 Nxh4 26. Bxh4 Rxh4 27. Qg3
Rh7 28. Qc7 Ke8 29. Qc8+ Ke7 30. Qxb7 g3 31. Qxc6 f5 32. Qd6+ Ke8 33. c6 Nb6 34.
c7 Rd7 35. Qxb6 axb6 36. c8=Q+ Ke7 37. Qb8 Qg4 38. Rxg3 Qxd4 39. Rc1 b5 40. Rc7
f4 41. Rg7+ Kf6 42. Rgxd7 Kf5 43. Rf7+ Kg4 44. Rxf4+ Qxf4 45. Qg8+ Kf3 46. Rf7
d4 47. Rxf4+ Kxf4 48. Qxe6 d3 1-0

[Event "Titled Tue 24th Jun Early"]
[Site "chess.com INT"]
[Date "2025.06.24"]
[Round "1"]
[White "Auribault, Louis"]
[Black "Nitish, Belurkar"]
[Result "1-0"]
[WhiteTitle "FM"]
[BlackTitle "IM"]
[WhiteElo "2096"]
[BlackElo "2454"]
[WhiteFideId "45196591"]
[BlackFideId "5084768"]
[EventDate "2025.06.24"]

1. e4 c5 2. Nf3 g6 3. d4 cxd4 4. Nxd4 Nf6 5. f3 Nc6 6. c4 Bg7 7. Nc3 Nxe4 8.
Nxc6 Nxc3 9. Nxd8 Nxd1 10. Nxf7 Kxf7 11. Kxd1 d6 12. Bd3 Bf5 13. Ke2 Rac8 14.
Rb1 Rhd8 15. Bxf5 gxf5 16. b3 b5 17. Bb2 bxc4 18. Bxg7 Kxg7 19. bxc4 Rxc4 20.
Rhc1 Rxc1 21. Rxc1 Rd7 22. Rc4 Rb7 23. Ra4 Kf6 24. h4 e5 25. Ra6 Ke6 26. g4 fxg4
27. fxg4 Kd5 28. g5 Rb4 29. h5 Rh4 30. h6 1-0

[Event "Titled Tue 24th Jun Early"]
[Site "chess.com INT"]
[Date "2025.06.24"]
[Round "1"]
[White "Eltigani, Omar"]
[Black "Arya G Mallar"]
[Result "1-0"]
[WhiteTitle "IM"]
[BlackTitle "WCM"]
[WhiteElo "2224"]
[BlackElo "2000"]
[WhiteFideId "738794"]
[BlackFideId "25115324"]
[EventDate "2025.06.24"]

1. d4 Nf6 2. Nc3 d5 3. Bf4 g6 4. e3 Bg7 5. Nb5 Na6 6. h4 h5 7. Nf3 O-O 8. Ng5
Bf5 9. f3 c6 10. Nc3 Nb4 11. Bd3 Bxd3 12. cxd3 Qa5 13. a3 Na6 14. O-O Qb6 15. b4
Nd7 16. b5 Nab8 17. bxc6 bxc6 18. Na4 Qa5 19. Bg3 c5 20. Rc1 cxd4 21. e4 dxe4
22. fxe4 Na6 23. Nb2 Qxa3 24. Nc4 Qb4 25. Rb1 Qc5 26. Rb7 Rad8 27. Qa4 Nab8 28.
Rc7 1-0

[Event "Titled Tue 24th Jun Early"]
[Site "chess.com INT"]
[Date "2025.06.24"]
[Round "1"]
[White "Papacek, Stepan"]
[Black "Teterev, Vitaly"]
[Result "0-1"]
[WhiteTitle "FM"]
[BlackTitle "GM"]
[WhiteElo "2225"]
[BlackElo "2248"]
[WhiteFideId "301035"]
[BlackFideId "13501429"]
[EventDate "2025.06.24"]

1. e4 c6 2. c4 d5 3. exd5 cxd5 4. cxd5 Nf6 5. Nc3 Nxd5 6. Nf3 e6 7. d4 Nc6 8.
Bd3 Bb4 9. O-O O-O 10. Qc2 h6 11. Rd1 Nce7 12. a3 Bd6 13. Nxd5 Nxd5 14. Qe2 Nf6
15. Ne5 Be7 16. Qf3 Qd5 17. Qg3 Kh8 18. Qh3 Ng8 19. Be3 Bd7 20. Bc4 Qd6 21. Bf4
Kh7 22. Bd3+ f5 23. Ng6 Qd5 24. Nxf8+ Rxf8 25. Be5 Bc6 26. Rac1 Nf6 27. Bc4 Qd7
28. Bxf6 Rxf6 29. d5 exd5 30. Bd3 d4 0-1

[Event "Titled Tue 24th Jun Early"]
[Site "chess.com INT"]
[Date "2025.06.24"]
[Round "1"]
[White "Stojanovski, Sandi"]
[Black "Causo, Deniel"]
[Result "0-1"]
[WhiteTitle "FM"]
[BlackTitle "FM"]
[WhiteElo "2169"]
[BlackElo "2224"]
[WhiteFideId "1403249"]
[BlackFideId "5203660"]
[EventDate "2025.06.24"]

1. d3 d5 2. Nf3 c6 3. g3 Nf6 4. Bg2 Bg4 5. O-O Nbd7 6. h3 Bh5 7. c4 e6 8. cxd5
exd5 9. Nc3 Be7 10. Qc2 O-O 11. e4 Nb6 12. Bf4 Re8 13. Rfe1 h6 14. g4 Bg6 15.
Nh4 Bh7 16. Nf5 Bf8 17. Rad1 Qd7 18. e5 Bxf5 19. exf6 Bg6 20. fxg7 Bxg7 21. Qd2
h5 22. Bf3 hxg4 23. hxg4 Rxe1+ 24. Rxe1 Re8 25. Rxe8+ Qxe8 26. Kg2 Qe6 27. Ne2
Qf6 28. b3 Nd7 29. Bg5 Qb2 30. Qxb2 Bxb2 31. Nf4 Bh7 32. Be2 Ne5 33. Bf6 Nxd3
34. Bxd3 Bxf6 35. Bxh7+ Kxh7 36. Nd3 Be7 37. f4 Bd6 38. Kf3 Kg6 39. a4 c5 40.
Nf2 a6 41. Nh3 b5 42. axb5 axb5 43. Ke3 f5 44. g5 Kh5 45. Nf2 c4 46. bxc4 Bc5+
47. Kf3 dxc4 0-1

[Event "Titled Tue 24th Jun Early"]
[Site "chess.com INT"]
[Date "2025.06.24"]
[Round "1"]
[White "Fiorito, Francisco"]
[Black "Pein, Jonathan"]
[Result "1-0"]
[WhiteTitle "IM"]
[BlackTitle "FM"]
[WhiteElo "2433"]
[BlackElo "2226"]
[WhiteFideId "180165"]
[BlackFideId "417092"]
[EventDate "2025.06.24"]

1. Nf3 Nf6 2. g3 g6 3. b3 Bg7 4. Bb2 O-O 5. Bg2 a5 6. a3 d5 7. c4 c6 8. O-O a4
9. d3 axb3 10. Qxb3 Nbd7 11. cxd5 cxd5 12. Rc1 Qb6 13. Nbd2 Rd8 14. Rab1 Qa5 15.
Rc2 Nf8 16. Rbc1 Bd7 17. Rc5 Qa7 18. Ne5 Ba4 19. Qb4 Ne6 20. R5c3 Bf8 21. Ndf3
h5 22. e3 Ng4 23. Nxg4 hxg4 24. Qxg4 d4 25. exd4 Nxd4 26. Nxd4 Rxd4 27. Qh3 1-0

[Event "Titled Tue 24th Jun Early"]
[Site "chess.com INT"]
[Date "2025.06.24"]
[Round "1"]
[White "Gustafsson, Jan"]
[Black "Beniosev, Daniel"]
[Result "1-0"]
[WhiteTitle "GM"]
[BlackTitle "CM"]
[WhiteElo "2591"]
[BlackElo "1959"]
[WhiteFideId "4625498"]
[BlackFideId "11632674"]
[EventDate "2025.06.24"]

1. Nf3 c5 2. c4 Nc6 3. b3 d6 4. Bb2 e5 5. g3 Be6 6. Bg2 Be7 7. O-O f5 8. e3 Nf6
9. d4 cxd4 10. exd4 exd4 11. Nxd4 Bd7 12. Nc3 O-O 13. Re1 Re8 14. Nd5 Nxd5 15.
Bxd5+ Kh8 16. Ne6 Bxe6 17. Rxe6 Bf8 18. Qh5 Ne5 19. f4 Qb6+ 20. Kh1 Rxe6 21.
Bxe6 Qf2 22. Bxf5 g6 23. Bxg6 h6 24. fxe5 Qxb2 25. Rf1 Qxe5 26. Qxe5+ dxe5 27.
Rf7 b6 28. Kg2 Bg7 29. Be4 Rd8 30. Bd5 a5 31. Rb7 1-0